000
002650000a22000970004500
100
1
_a
Lopes, Nicodemus Augustus
245
1
0
_a
La confesionalidad : ¿Permisiva o estricta?
300
_a
Vol. 3, Núm 1 (2001), Páginas 11-18
773
0
_t
Reforma Siglo 21
942
_c
ANA
999
_c
52906
_d
52906